|
|
|
|
| LEADER |
00000nam a22000007a 4500 |
| 005 |
20200922000026.0 |
| 007 |
cr|||| |||| |
| 008 |
200922c20179999es mr|w s|||| 0|||b1spa d |
| 035 |
|
|
|a 32125
|
| 040 |
|
|
|a vLex
|
| 090 |
|
|
|c 10750
|d 10750
|
| 245 |
0 |
0 |
|a Revista Ciudad del Trabajo
|h [Recurso electrn̤ico] :
|b Actualidad Iuslaboralista
|
| 256 |
|
|
|a Servicio en ln̕ea
|
| 260 |
|
|
|a Albacete:
|b Editorial Bomarzo,
|c 2017 -
|
| 300 |
|
|
|a 1 recurso electrn̤ico
|
| 310 |
|
|
|a Mensual
|
| 362 |
|
|
|a Nð 1 (Dic. 2017) -
|
| 506 |
1 |
|
|a Disponible solo en los productos indicados
|d vLex Global
|d vLex Global (Academic Edition, excluding Law Schools)
|d vLex Global (U.S. Academic Edition, Law Schools)
|d vLex Global (U.S. Academic Edition, excluding Law Schools)
|d vLex Global (Academic Edition, Law Schools)
|
| 650 |
0 |
4 |
|a Derecho Laboral y Seguridad Social
|z Espaą
|
| 650 |
0 |
4 |
|a Derecho Pb︢lico y Administrativo
|z Espaą
|
| 650 |
0 |
4 |
|a Derecho Constitucional
|z Espaą
|
| 740 |
0 |
|
|a vLex Revistas (Servicio en ln̕ea)
|
| 856 |
4 |
0 |
|u http://vlex.com/source/revista-ciudad-del-trabajo-actualidad-iuslaboralista-32125
|z Acceso restringido
|
| 942 |
|
|
|c REV
|
| 999 |
0 |
|
|a Labor Law and Social Security
|
| 999 |
0 |
|
|a Public and Administrative Law
|
| 999 |
0 |
|
|a Constitutional Law
|